000 00299nam a22001337a 4500
008 171003b xxu||||| |||| 00| 0 eng d
020 _a0824788562
041 _aeng
080 _a159.9
100 _a48
101 _aPSI
245 _aOBSSIVE COMPULSIVE DISORDERS
_cSTEIN.D.J
942 _2udc
_cBK
999 _c31456
_d31456